[Event "South Wales op 20th"]
[Site "Bridgend"]
[Date "2025.07.04"]
[Round "1"]
[White "Roberts, David Llewelyn"]
[Black "Wilkins, Zack"]
[Result "1-0"]
[WhiteElo "1988"]
[BlackElo "1662"]
[PlyCount "97"]
[EventDate "2025.07.04"]
[EventType "swiss"]
[EventRounds "9"]
[EventCountry "WLS"]
[SourceTitle "CB29_2025"]
[SourceDate "2025.07.16"]
[SourceVersion "1"]
[SourceVersionDate "2025.07.16"]
[SourceQuality "1"]

1. e4 e5 2. Nf3 Nc6 3. d4 exd4 4. Nxd4 Nf6 5. Nxc6 bxc6 6. e5 Qe7 7. Qe2 Nd5 8. c4 Qb4+ 9. Qd2 Qxd2+ 10. Bxd2 Nb4 11. Kd1 c5 12. Nc3 Bb7 13. a3 Nc6 14. Nd5 Rc8 15. Bd3 Ne7 16. Ne3 Ng6 17. Re1 Nf4 18. Bf1 Be7 19. Nf5 Ne6 20. Bc3 g6 21. Nxe7 Kxe7 22. b4 cxb4 23. axb4 Rhd8 24. Rxa7 Ba8 25. f3 d5 26. exd6+ Rxd6+ 27. Kc2 Kf8 28. Rea1 Bc6 29. b5 Be8 30. Bb4 Nd4+ 31. Kd1 Nxb5+ 32. Bxd6+ Nxd6 33. Ra8 Rxa8 34. Rxa8 Nf5 35. Kd2 Ke7 36. Ra6 c5 37. g3 Nd4 38. Ke3 Bd7 39. f4 h5 40. Bg2 Nf5+ 41. Kf2 Nd6 42. Bd5 Bf5 43. Ke3 Bd7 44. Ra5 Nf5+ 45. Kd3 Nd6 46. Rxc5 Bf5+ 47. Kd4 Bd7 48. Ra5 Kf6 49. Ra6 1-0

[Event "South Wales op 20th"]
[Site "Bridgend"]
[Date "2025.07.04"]
[Round "2"]
[White "Wilkins, Zack"]
[Black "Kong, Emma Zihan"]
[Result "0-1"]
[WhiteElo "1662"]
[BlackElo "1797"]
[PlyCount "54"]
[EventDate "2025.07.04"]
[EventType "swiss"]
[EventRounds "9"]
[EventCountry "WLS"]
[SourceTitle "CB29_2025"]
[SourceDate "2025.07.16"]
[SourceVersion "1"]
[SourceVersionDate "2025.07.16"]
[SourceQuality "1"]

1. e4 c5 2. Nf3 g6 3. d4 cxd4 4. Nxd4 Nf6 5. f3 Nc6 6. c4 Bg7 7. Nc3 0-0 8. Be3 Qb6 9. Qd2 Nxe4 10. Nxc6 Nxd2 11. Nxe7+ Kh8 12. Bxb6 Nxf1 13. Kxf1 axb6 14. Ned5 d6 15. Rd1 Be6 16. Nxb6 Ra6 17. Nbd5 Rc8 18. Kf2 Rxc4 19. Rd2 Bd4+ 20. Kg3 h5 21. h4 Bxd5 22. Nxd5 Rxa2 23. Rhd1 Bxb2 24. Nb6 Be5+ 25. Kh3 Rxd2 26. Rxd2 Rc1 27. g4 Rh1+ 0-1

[Event "WLS-chB 68th"]
[Site "Cardiff"]
[Date "2024.03.29"]
[Round "1"]
[White "Wilkins, Zack"]
[Black "Mba, Reginald"]
[Result "0-1"]
[WhiteElo "1615"]
[BlackElo "1855"]
[PlyCount "70"]
[EventDate "2024.03.29"]
[EventType "swiss"]
[EventRounds "7"]
[EventCountry "WLS"]
[SourceTitle "CBM 219 Extra"]
[Source "ChessBase"]
[SourceDate "2024.05.31"]
[SourceVersion "1"]
[SourceVersionDate "2024.05.31"]
[SourceQuality "1"]

1. e4 c6 2. Bc4 d5 3. Bb3 dxe4 4. Qh5 g6 5. Qh4 Nf6 6. Nc3 Bg7 7. f3 exf3 8. Nxf3 0-0 9. 0-0 Nbd7 10. d4 Nb6 11. Bh6 Re8 12. Bxf7+ Kxf7 13. Ng5+ Kg8 14. Bxg7 h5 15. Bxf6 exf6 16. Nf3 Bf5 17. Rf2 Nc4 18. d5 cxd5 19. Nd4 Ne3 20. Nxf5 Nxf5 21. Rxf5 gxf5 22. Qxh5 Re5 23. Rf1 Qe8 24. Qh4 Qe7 25. Rf3 Kf7 26. Rd3 Rd8 27. Kf1 a6 28. Qd4 Re1+ 29. Kf2 Qe5 30. Qb6 Rd7 31. Rxd5 Rxd5 32. Nxd5 Qe2+ 33. Kg3 Qg4+ 34. Kf2 Re2+ 35. Kf1 Qxg2# 0-1